MARC

LEADER 00000nam0a2200000 4500
001 324845
005 20231102003715.0
035 |a (RuTPU)RU\TPU\book\350456 
090 |a 324845 
100 |a 20161123d1974 m y0rusy50 ca 
101 0 |a rus 
102 |a RU 
105 |a a z 000zy 
200 1 |a По следам бесконечности  |f В. Н. Комаров 
210 |a Москва  |c Знание  |d 1974 
215 |a 192 с.  |c ил. 
606 1 |a Бесконечность  |x Философия  |2 stltpush  |3 (RuTPU)RU\TPU\subj\28276  |9 51821 
610 1 |a научные понятия 
610 1 |a формирование 
610 1 |a история 
610 1 |a познание 
686 |a Ю212.1  |v LBC/SL-A  |2 rubbk 
700 1 |a Комаров  |b В. Н.  |g Виктор Ноевич 
801 1 |a RU  |b 63413507  |c 20161123 
801 2 |a RU  |b 63413507  |c 20200723  |g RCR 
942 |c BK